01246nam a22002657a 4500003000400000005001700004008004100021040001100062082001400073100002900087245001400116260012900130300002300259490002600282505019500308505016700503505003300670505002800703505003900731505002200770650004500792650004400837650005500881650004400936OSt20230516101929.0230516b |||||||| |||| 00| 0 eng d cLado V 2708aK82f aKontova, Helenaeeditora aFlashArt/ aAustraliaaAustriaaBelgicaaCanadaaFranciaaAlemaniaaGran BretañaaHolandaaItaliaaEspañaaIrlandabGEA POLITIc2002 a144p.c20.5x27.5cm a224vXXXIVx0394-1493 aFlash Art NewstManifesta IV At the Galleries Mirroring Evil Lonon Citygroup Prize The song of the Pirate World's Smallest Museum New York Cup Up Group Shows Aperto Helsinki & Beyond aFeaturestPlay Time Swetlana Heger Kai Althoff Possible Works Cultural Territories City of Open Spaces Return of the Surrealism Focus Germany THe New Folk aGlobal ArtrJohannes Kahrs  aOuverturesrTino Sehgal aSpotlightstXXV Sao Paulo Bieñal aFlash Art Reviews 2Tesauro de Arte & ArquitecturaaCATALOGO 2Tesauro de Arte & ArquitecturaaREVISTA 2Tesauro de Arte & ArquitecturaaARTE INTERNACIONAL 2Tesauro de Arte & ArquitecturaaCRITICA